<?xml version="1.0" encoding="UTF-8"?><?xml-stylesheet type="text/xsl" href="static/style.xsl"?><OAI-PMH xmlns="http://www.openarchives.org/OAI/2.0/" xmlns:xsi="http://www.w3.org/2001/XMLSchema-instance" xsi:schemaLocation="http://www.openarchives.org/OAI/2.0/ http://www.openarchives.org/OAI/2.0/OAI-PMH.xsd"><responseDate>2026-06-03T01:32:40Z</responseDate><request verb="GetRecord" identifier="oai:riuma.uma.es:10630/36963" metadataPrefix="marc">https://riuma.uma.es/rest/oai/request</request><GetRecord><record><header><identifier>oai:riuma.uma.es:10630/36963</identifier><datestamp>2026-02-03T10:53:23Z</datestamp><setSpec>com_10630_2254</setSpec><setSpec>col_10630_37953</setSpec></header><metadata><record xmlns="http://www.loc.gov/MARC21/slim" xmlns:dcterms="http://purl.org/dc/terms/" xmlns:doc="http://www.lyncode.com/xoai" xmlns:xsi="http://www.w3.org/2001/XMLSchema-instance" xsi:schemaLocation="http://www.loc.gov/MARC21/slim http://www.loc.gov/standards/marcxml/schema/MARC21slim.xsd">
   <leader>00925njm 22002777a 4500</leader>
   <datafield ind2=" " ind1=" " tag="042">
      <subfield code="a">dc</subfield>
   </datafield>
   <datafield ind2=" " ind1=" " tag="720">
      <subfield code="a">Dos Santos-Gómez, Lucía</subfield>
      <subfield code="e">author</subfield>
   </datafield>
   <datafield ind2=" " ind1=" " tag="720">
      <subfield code="a">Porras-Vázquez, José Manuel</subfield>
      <subfield code="e">author</subfield>
   </datafield>
   <datafield ind2=" " ind1=" " tag="720">
      <subfield code="a">Ramírez-Losilla, Enrique</subfield>
      <subfield code="e">author</subfield>
   </datafield>
   <datafield ind2=" " ind1=" " tag="720">
      <subfield code="a">Martín-Jiménez, Francisco de Paula</subfield>
      <subfield code="e">author</subfield>
   </datafield>
   <datafield ind2=" " ind1=" " tag="720">
      <subfield code="a">Ramos-Barrado, José Ramón</subfield>
      <subfield code="e">author</subfield>
   </datafield>
   <datafield ind2=" " ind1=" " tag="720">
      <subfield code="a">Marrero-López, David</subfield>
      <subfield code="e">author</subfield>
   </datafield>
   <datafield ind2=" " ind1=" " tag="260">
      <subfield code="c">2017</subfield>
   </datafield>
   <datafield ind2=" " ind1=" " tag="520">
      <subfield code="a">La0.6Sr0.4Co0.2Fe0.8O3-δ is considered as one of the most promising cathodes for Solid Oxide Fuels Cells (SOFCs) operating at intermediate temperatures, however, its performance degrades significantly over time mainly due to phase segregations on the surface. In this work, the surface of La0.6Sr0.4Co0.2Fe0.8O3-δ-Ce0.8Gd0.2O1.9 (LSCF-CGO) nanostructured cathode is coated with CGO particles via a simple and economic spray-pyrolysis deposition process. The electrode polarization resistance (Rp) and the microstructure evolution of the uncoated and CGO-coated cathodes are investigated by impedance spectroscopy and scanning electron microscopy, respectively. The CGO-coated cathodes exhibit improved stability and performance, with Rp values varying from 0.27 to 0.30 Ωcm2 at an annealing temperature of 600 °C for 400 h. On the contrary, the uncoated cathode shows a faster degradation rate, with a continuous increase of Rp from 2.8 to 8.5 Ωcm2. Above 800 °C, the particle coarsening of the CGO layer results in a significant increase of Rp over time, reaching steady values of 0.04 Ωm2 at 800 °C. An anode-supported cell with the CGO-coated cathode shows a remarkable power density of 0.72 Wcm−2 at 650 °C in comparison to 0.56 Wcm−2 for the cell with uncoated cathode.</subfield>
   </datafield>
   <datafield ind1="8" ind2=" " tag="024">
      <subfield code="a">https://hdl.handle.net/10630/36963</subfield>
   </datafield>
   <datafield ind1="8" ind2=" " tag="024">
      <subfield code="a">https://doi.org/10.1016/j.jpowsour.2017.02.045</subfield>
   </datafield>
   <datafield tag="653" ind2=" " ind1=" ">
      <subfield code="a">Cátodos</subfield>
   </datafield>
   <datafield ind2="0" ind1="0" tag="245">
      <subfield code="a">Stability and performance of La0.6Sr0.4Co0.2Fe0.8O3 nanostructured cathodes with Ce0.8Gd0.2O1.9 surface coating</subfield>
   </datafield>
</record>
</metadata></record></GetRecord></OAI-PMH>